000 01277nam0a2200325 4500
001 RU\NLR\bibl\1233720
005 20260406092703.0
010 _a978-5-17-032028-8
_bВ пер.
_92000
010 _a978-5-271-12169-2084-3
010 _a978-5-9762-2084-3
_93000
021 _aRU
_b2008-26390
_91455
035 _a(NLR Aleph) 001219978
090 _a132167
_c132167
100 _a20080528d2008 |||y0rusy50 ca
101 0 _arus
102 _aRU
105 _aa |||||||||
200 1 _aДорога уходит в даль...
_e[для среднего школьного возраста]
_fАлександра Бруштейн
_gхудож. В. Челак
210 _aМосква
_cАСТ [и др.]
_d2008 (печ. 2007)
215 _a350, [1] с.
_cил.
_d21
225 1 _aСерия "Внеклассное чтение"
686 _aШ9(2)62=Р7-4
700 1 _4070
_7ca
_8rus
_aБруштейн
_bА. Я.
_f1884-1968
_gАлександра Яковлевна
_912749
_3RU\NLR\AUTH\7729721
702 1 _4440
_7ca
_8rus
_aЧелак
_bВ. Г.
_cхудожник
_f1961-
_gВадим Георгиевич
_946992
_3RU\NLR\AUTH\7764063
801 0 _aRU
_bNLR
_c20080528
_gRCR
801 1 _aRU
_bNLR
_c20080528
942 _cBOOK
980 _aNB